<?xml version="1.0" encoding="UTF-8"?>
<record
    xmlns:xsi="http://www.w3.org/2001/XMLSchema-instance"
    xsi:schemaLocation="http://www.loc.gov/MARC21/slim http://www.loc.gov/standards/marcxml/schema/MARC21slim.xsd"
    xmlns="http://www.loc.gov/MARC21/slim">

  <leader>00931nam a22001937a 4500</leader>
  <controlfield tag="003">OSt</controlfield>
  <controlfield tag="005">20251217161950.0</controlfield>
  <controlfield tag="008">251217b        |||||||| |||| 00| 0 eng d</controlfield>
  <datafield tag="040" ind1=" " ind2=" ">
    <subfield code="c">DCL</subfield>
  </datafield>
  <datafield tag="082" ind1=" " ind2=" ">
    <subfield code="a">&#x1042;&#x1049;&#x1047;.&#x1040;&#x1049;</subfield>
  </datafield>
  <datafield tag="100" ind1=" " ind2=" ">
    <subfield code="a">&#x101C;&#x1005;&#x103A;(&#x1015;&#x103A;)&#x1019;&#x1014;&#x103A;&#x1038; &#x104A; &#x101E;&#x1031;&#x102C;&#x1019;&#x1010;&#x103A;&#x104B;</subfield>
  </datafield>
  <datafield tag="245" ind1="0" ind2="0">
    <subfield code="a">&#x1021;&#x1005;&#x1039;&#x1005;&#x101C;&#x102C;&#x1019;&#x103A;&#x101E;&#x1019;&#x102D;&#x102F;&#x1004;&#x103A;&#x1038; /</subfield>
    <subfield code="c">&#x101C;&#x1005;&#x103A;(&#x1015;&#x103A;)&#x1019;&#x1014;&#x103A;&#x1038; &#x101E;&#x1031;&#x102C;&#x1019;&#x1010;&#x103A; &#x104A; &#x1015;&#x103C;&#x102F;&#x1005;&#x102F;&#x101E;&#x1030; &#x1000;&#x102D;&#x102F;&#x1000;&#x102D;&#x102F;&#x101C;&#x1031;&#x1038;&#x104B;</subfield>
  </datafield>
  <datafield tag="260" ind1=" " ind2=" ">
    <subfield code="a">&#x101B;&#x1014;&#x103A;&#x1000;&#x102F;&#x1014;&#x103A; &#x104A;</subfield>
    <subfield code="b">&#x101A;&#x1009;&#x103A;&#x1019;&#x103B;&#x102D;&#x102F;&#x1038;&#x1005;&#x102C;&#x1015;&#x1031;&#x104A;</subfield>
    <subfield code="c">&#x1042;&#x1040;&#x1041;&#x1048;&#x104B;</subfield>
  </datafield>
  <datafield tag="300" ind1=" " ind2=" ">
    <subfield code="a">&#x1003;&#x104A; &#x1045;&#x1046;&#x1049; &#x1005;&#x102C;&#x1019;&#x103B;&#x1000;&#x103A;&#x1014;&#x103E;&#x102C; &#x104A; </subfield>
    <subfield code="c">&#x1042;&#x1041; &#x1005;&#x1004;&#x103A;&#x1010;&#x102E;&#x104B;</subfield>
  </datafield>
  <datafield tag="500" ind1=" " ind2=" ">
    <subfield code="a">Understanding Islam: An Introduction to The Muslim World by Thomas W. Lippman</subfield>
  </datafield>
  <datafield tag="650" ind1=" " ind2=" ">
    <subfield code="a">&#x1021;&#x1005;&#x1039;&#x1005;&#x101C;&#x102C;&#x1019;&#x103A;</subfield>
    <subfield code="v">&#x101E;&#x1019;&#x102D;&#x102F;&#x1004;&#x103A;&#x1038;</subfield>
  </datafield>
  <datafield tag="700" ind1=" " ind2=" ">
    <subfield code="a">&#x1000;&#x102D;&#x102F;&#x1000;&#x102D;&#x102F;&#x101C;&#x1031;&#x1038;&#x104B;</subfield>
    <subfield code="e">&#x1015;&#x103C;&#x102F;&#x1005;&#x102F;&#x101E;&#x1030;</subfield>
  </datafield>
  <datafield tag="942" ind1=" " ind2=" ">
    <subfield code="2">ddc</subfield>
    <subfield code="c">SHORT TERM</subfield>
    <subfield code="n">0</subfield>
  </datafield>
  <datafield tag="952" ind1=" " ind2=" ">
    <subfield code="0">0</subfield>
    <subfield code="1">0</subfield>
    <subfield code="2">ddc</subfield>
    <subfield code="4">0</subfield>
    <subfield code="7">0</subfield>
    <subfield code="8">M</subfield>
    <subfield code="a">DHAM</subfield>
    <subfield code="b">DHAM</subfield>
    <subfield code="c">MMBS</subfield>
    <subfield code="d">2025-12-17</subfield>
    <subfield code="l">0</subfield>
    <subfield code="o">&#x1042;&#x1049;&#x1047;.&#x1040;&#x1049; &#x101C;&#x1005;&#x103A; &#x1045;&#x1041;&#x1045;&#x1045;</subfield>
    <subfield code="p">MB00005155</subfield>
    <subfield code="r">2025-12-17 16:14:42</subfield>
    <subfield code="w">2025-12-17</subfield>
    <subfield code="y">SHORT TERM</subfield>
    <subfield code="A">&#x1045;&#x1041;&#x1045;&#x1045;</subfield>
  </datafield>
  <datafield tag="999" ind1=" " ind2=" ">
    <subfield code="c">2749</subfield>
    <subfield code="d">2749</subfield>
  </datafield>
</record>
